000 00592nam a22002057a 4500
003 OSt
005 20140310181759.0
008 130702t xxu||||| |||| 00| 0 eng d
020 _a9781858300849
050 _aAG
_b.M478 1995
082 _aREF 025.524
_bR77 1995
245 _aOver 500 fantastic facts /
_cAngela Royston.
260 _aLondon :
_bGrandreams Limited,
_cc1995.
300 _a96 p. :
_bill. col. ;
_c30 cm. :
520 _a1. Information retrieval--Handbooks, manuals, etc.
521 _aBasic ed. students
541 _j1
562 _e1
942 _2lcc
_cBK
_kCS
999 _c3553
_d3553